| 000 | 00782nam a2200229 4500 | ||
|---|---|---|---|
| 003 | OSt | ||
| 005 | 20240704071323.0 | ||
| 006 | a | ||
| 008 | 240704b |||||||| |||| 00| 0 eng d | ||
| 020 | _a9781412915748 | ||
| 040 |
_aDWCL-Main lib. _cOC |
||
| 082 | _aCirc. 371.334 G798m 2008 | ||
| 100 | _aGreen, Timothy | ||
| 245 | _aMaking th most of the WEB in your classroom: a teacher’s guide to blogs, podcasts, wikis, pages, and sites / | ||
| 260 |
_aThousand Oaks, Calif.: _bCarwin Press, _cc2008. |
||
| 300 |
_axvi, _b151p. : ill.; _c25 cm. |
||
| 504 | _aincludes bibliographical references & index. | ||
| 650 | _a1. Web-based instruction. | ||
| 650 | _a2. Internet in education. | ||
| 650 | _a3. World wide web-study and teaching. | ||
| 942 |
_2ddc _n0 _cBK-CIRC _kCirc. |
||
| 999 |
_c1960 _d1960 |
||